000 00422nam a2200181Ia 4500
001 15027
005 20260306164957.0
008 260306t2011||||xx |||||||||||||| ||spa||
041 _aESP
082 _a526.9
_bA53
100 _aAmeneiro Bustos, Ana
_eAUT
245 0 _aTopografĂ­a:
_b: trabajo del campo y gabinete
260 _c2011
300 _a
_c
650 _aGEN
654 _aCIC
942 _cLIB
_dJUS
_fJUS
_2ddc
_n
999 _c15027
_d15027